The Oxford 5000 - Letter R - Translate from Polish to English - Statystyki

Ogólne statystyki
  • Ten quiz został rozwiązany 14 razy
  • Średni wynik to 38 z 133
Statystyki odpowiedzi
Polish Angielski % Poprawnych
rasizm racism
100%
rasistowski / rasista racist
83%
radar radar
83%
promieniowanie radiation
83%
radykalny radical
83%
ranking ranking
83%
gwałt / zgwałcić rape
83%
szczur rat
83%
losowy, przypadkowy random
67%
wskaźnik, ocena, rating rating
67%
racjonalny rational
67%
odbudować rebuild
67%
recesja recession
67%
referendum referendum
67%
reforma / reformować reform
67%
rejestracja registration
67%
organ regulacyjny, regulator regulator
67%
rozmnażanie, reprodukcja reproduction
67%
republika republic
67%
rezygnacja (z funkcji), rezygnacja (poddanie się losowi) resignation
67%
retoryka rhetoric
67%
rytuał ritual
67%
rakieta rocket
67%
romans romance
67%
róża rose
67%
obracać (się), zmieniać się (rotacyjnie) rotate
67%
obrót, rotacja rotation
67%
zrujnować, zniszczyć / ruina ruin
67%
buntownik, rebeliant rebel
50%
odbudowa, rekonstrukcja reconstruction
50%
powrót do zdrowia, odzyskanie, poprawa (np. w gospodarce) recovery
50%
sędzia (sportowy) referee
50%
odbicie, refleksja reflection
50%
reżim, ustrój regime
50%
regulować regulate
50%
rehabilitacja rehabilitation
50%
sprawiać/czynić (kimś/czymś), świadczyć (usługę), renderować render
50%
reprezentacja representation
50%
rozmnażać się, odtwarzać, reprodukować reproduce
50%
mieszkać, rezydować reside
50%
zrezygnować (z pracy, stanowiska) resign
50%
rozdzielczość, postanowienie, rezolucja, rozwiązanie (problemu) resolution
50%
ograniczenie, restrykcja restriction
50%
powtórka (materiału przed egzaminem), poprawka, rewizja revision
50%
wściekłość rage
33%
kolej, szyna, poręcz rail
33%
wiec, rajd / zjednoczyć (się), zebrać (się) rally
33%
stosunek, proporcja ratio
33%
bunt, rebelia rebellion
33%
rekrutować / rekrut recruit
33%
uchodźca refugee
33%
odrzucenie rejection
33%
odnowić, przedłużyć renew
33%
wynajem, wypożyczalnia, czynsz rental
33%
miejsce zamieszkania, rezydencja residence
33%
objawienie, rewelacja, odkrycie (tajemnicy) revelation
33%
zemsta revenge
33%
odwrócić, cofać / rewers, tył, odwrotność / odwrotny reverse
33%
rewolucyjny revolutionary
33%
ryzykowny risky
33%
rywal / rywalizujący rival
33%
obrabować, okraść rob
33%
plotka, pogłoska rumor
33%
rasowy racial
17%
promień ray
17%
uświadomienie sobie, realizacja realization
17%
rozsądnie reasonably
17%
odzyskać regain
17%
bez względu na (zwykle z of), mimo wszystko, niezależnie od tego regardless
17%
regulacyjny regulatory
17%
panowanie, rządy / panować reign
17%
niezawodność, wiarygodność reliability
17%
przypomnienie reminder
17%
rzekomo, według doniesień, podobno reportedly
17%
sprawozdawczość, raportowanie, relacjonowanie reporting
17%
opór, odporność resistance
17%
ograniczać restrict
17%
sprzedaż detaliczna retail
17%
emerytura (okres życia) retirement
17%
odwrót / wycofać się retreat
17%
śmieszny, absurdalny, niedorzeczny ridiculous
17%
napad, rabunek, rozbój robbery
17%
nowicjusz, żółtodziób rookie
17%
w przybliżeniu, z grubsza, mniej więcej roughly
17%
nalot, obława / przeprowadzić nalot raid
0%
chętnie, z łatwością, bez wahania readily
0%
dziedzina, sfera, królestwo realm
0%
tylny / tył rear
0%
rozumowanie reasoning
0%
uspokoić, upewnić, podnieść na duchu reassure
0%
odbiornik, słuchawka (telefonu), odbiorca receiver
0%
odbiorca, adresat recipient
0%
sądzić, uważać, przypuszczać reckon
0%
uznanie, rozpoznanie recognition
0%
opowiadać, relacjonować (szczegółowo) recount
0%
rekrutacja recruitment
0%
schronienie, azyl refuge
0%
odmowa refusal
0%
wzmocnić, umacniać reinforce
0%
znaczenie, związek z tematem, istotność relevance
0%
przynieść ulgę, uśmierzyć, ulżyć relieve
0%
odczuwający ulgę relieved
0%
niechętny, oporny reluctant
0%
reszta, pozostałość remainder
0%
szczątki, pozostałości, resztki remains
0%
niezwykły, godny uwagi remarkable
0%
niezwykle, wybitnie remarkably
0%
lekarstwo (na coś), środek zaradczy remedy
0%
usunięcie removal
0%
renomowany, sławny, znany, ceniony renowned
0%
zastępstwo, wymiana, zamiennik replacement
0%
przypominać (być podobnym do) resemble
0%
mieszkalny residential
0%
osad, pozostałość residue
0%
poszczególny, odpowiedni respective
0%
odpowiednio (w wymienionej uprzednio kolejności) respectively
0%
odrestaurowanie, przywrócenie restoration
0%
przywrócić, odrestaurować restore
0%
powściągliwość, ograniczenie, środek przymusu restraint
0%
wznowić, podjąć na nowo resume
0%
CV, życiorys résumé
0%
odzyskać, aportować retrieve
0%
przychód, dochód (firmy lub państwa) revenue
0%
ożywienie, odrodzenie revival
0%
ożywić, wskrzesić, przywrócić do życia revive
0%
karabin rifle
0%
zamieszki, bunt riot
0%
rozrywać, rozedrzeć, zgrać (np. płytę) rip
0%
solidny, wytrzymały, krzepki, silny robust
0%
kołysać, wstrząsnąć rock
0%
pręt rod
0%
lista (personelu, drużyny), harmonogram dyżurów roster
0%
orzeczenie (sądu), werdykt ruling
0%
Nie znaleziono quizów pasujących do podanych kryteriów
Rozkład punktacji
Procent ludzi z każdym wynikiem
Percentyl według liczby udzielonych odpowiedzi
Twoja historia wyników
Nie rozwiązałeś tego quizu